000
00239 a2200097 4500
001
27528
100
_a
Readir's digest asso
245
_a
Reader's digest illustrated guide gardening
260
_a
_b
R.D assocation
_c
090
_c
18318
_d
18318
942
_a
NUST-CAE
_c
M
_c
9245
999
_c
262601
_d
262601